000 00559nam a2200229Ia 4500
003 OSt
005 20221005124450.0
006 a|||||r|||| 00| 0
007 ta
008 221004b |||||||| |||| 00| 0 eng d
024 _a58579
037 _cTextual
040 _aCRL
_cCRL
_beng
041 _2eng
_aeng
082 _aV2:25xM69w, J4
100 _aHolmes John Maynes
_9635286
245 0 _aMy Gandhi
260 _c1954
650 _aHISTORY
942 _hV2:25xM69w, J4
_cTEXL
_2cc
999 _c1050568
_d1050568